Sports Quiz

Random Sports Quiz
Score 0/20 Timer 10:00
0 Plays Today
Club Player % Correct
ArsenalThomas Partey
86.3%
LiverpoolDiogo Jota
70.8%
ChelseaEdouard Mendy
55.7%
Manchester CityRuben Dias
47.7%
Aston VillaRoss Barkley
38.8%
Sheffield UnitedRhian Brewster
27.6%
Brighton & Hove AlbionDanny Welbeck
22%
Leicester CityWesley Fofana
22%
Tottenham HotspurJoe Rodon
21%
Manchester UnitedFacundo Pellistri
20.2%
Club Player % Correct
Leeds UnitedRaphinha
18.1%
West Ham UnitedSaid Benrahma
17.9%
SouthamptonTheo Walcott
17.5%
Newcastle UnitedJamal Lewis
15.3%
EvertonRobin Olsen
13.6%
Wolverhampton WanderersRayan Ait Nouri
11%
West Bromwich AlbionKarlan Grant
9.7%
Crystal PalaceJack Butland
7.7%
FulhamTerence Kongolo
2.2%
BurnleyRichard Nartey
1%
Remove Ads.
Support Sporcle.
Get the best of Sporcle when you Go Orange. This ad-free experience offers more features, more stats, and more fun while also helping to support Sporcle. Thank you for becoming a member.

You're not logged in!

Compare scores with friends on all Sporcle quizzes.
OR
Log In

Show Comments

Extras

Created Dec 3, 2020ReportNominate
Tags:club, last, League, Player, Premier, Transfer

Top Quizzes Today


Score Distribution

Your Account Isn't Verified!

In order to create a playlist on Sporcle, you need to verify the email address you used during registration. Go to your Sporcle Settings to finish the process.

Report this User

Report this user for behavior that violates our Community Guidelines.

Details: